Нелегалният периодичен печат в България 1941 - 1944 (Запис номер 458797)
[ съкратено ]
| 000 -Лидер | |
|---|---|
| Контролно поле с фиксирана дължина | 02748nam a2200505 c 4500 |
| 003 - Код на организацията, давaща контролен номер | |
| Контролно поле | BLK |
| 005 - Дата и час на последна редакция | |
| Контролно поле | 20220601142823.0 |
| 008 - Елементи от данни с фиксирана дължина | |
| fixed length control field | 180409b bul|||||r ||||||| ||bul|| |
| 010 ## - Наследен системен номер | |
| LC control number | KNG00139413000 |
| 040 ## - Източник на каталожния запис | |
| Идентификатор на билиотеката - собственик на записа | BLK |
| 041 ## - Код за език | |
| Код за езика на текст/звукозапис или на отделно заглавие | Български |
| Код за езика КДБФ | Български |
| 080 ## - УДК | |
| Текстов определител УДК | Библиографии на произведения, публикувани в периодични издания и сборници. Указатели на съдържанието на периодични издания и сборници |
| УДК код - определител по УДК | 014.3 |
| УДК определител | (497.2) |
| УДК - код + определител | 014.3(497.2) |
| 080 ## - УДК | |
| Текстов определител УДК | Специална библиография |
| УДК код - определител по УДК | 016 |
| УДК определител | :329.15(497.2)БКП |
| УДК - код + определител | 016:329.15(497.2)БКП |
| 080 ## - УДК | |
| Текстов определител УДК | Специална библиография |
| УДК код - определител по УДК | 016 |
| УДК определител | :949.72.053 |
| УДК - код + определител | 016:949.72.053 |
| 080 ## - УДК | |
| Текстов определител УДК | Комунистически партии. Вж и 327.323 |
| УДК код - определител по УДК | 329.15 |
| УДК определител | (497.2)БКП(01) |
| УДК - код + определител | 329.15(497.2)БКП(01) |
| 080 ## - УДК | |
| Текстов определител УДК | България през Втората световна война (1939-1944) |
| УДК код - определител по УДК | 94(497.2)"1939/1944" |
| УДК - код + определител | 94(497.2)"1939/1944" |
| 100 1# - Редна дума - Автор | |
| Автор | Ковачев, Велчо Вълков |
| Авторска отговорност | първи автор |
| R(LIN) | 369463 |
| 139 ## - Редно поле | |
| Редна дума | Ковачев, Велчо Вълков |
| Авторски знак | Ковач - К 72 |
| 245 10 - Сведения за заглавието | |
| Заглавие | Нелегалният периодичен печат в България 1941 - 1944 |
| Подзаглавни данни | Аналит. указ. на съдържанието на парт. и антифашистките вестници, списания и бюлетини |
| Редно поле (дума) | Велчо Ковачев; ред. Петър Цанев. |
| 257 ## - Страна на издаване | |
| Страна на създаване/издаване | България |
| 260 ## - Област на издателските данни | |
| Име на издателя, разпространителя и проч. | БКП |
| Година на издаване | 1966 |
| Място на издаване, разпространение и проч. | София |
| 300 ## - Физическа характеристика | |
| Страници | 354 с. |
| Размери/Мащаб | 20 см |
| 380 ## - Жанр | |
| Жанр | Общ отдел |
| 650 #4 - Допълнително описание по предмет – тема | |
| Основно описание – тема или топоним | България - периодичен печат |
| 9 (RLIN) | 289215 |
| 650 #4 - Допълнително описание по предмет – тема | |
| Основно описание – тема или топоним | Периодичен печат - България - история |
| 9 (RLIN) | 244176 |
| 650 #4 - Допълнително описание по предмет – тема | |
| Основно описание – тема или топоним | Борба против фашизма - България |
| 9 (RLIN) | 246462 |
| 650 #4 - Допълнително описание по предмет – тема | |
| Основно описание – тема или топоним | БКП - печатни органи - библиография |
| 9 (RLIN) | 323923 |
| 650 #4 - Допълнително описание по предмет – тема | |
| Основно описание – тема или топоним | Печат, нелегален - България |
| 9 (RLIN) | 323924 |
| 651 #4 - Допълнително описание по предмет - топоним | |
| Географско понятие | България |
| 9 (RLIN) | 241624 |
| 653 ## - Ключова дума – ненормативна | |
| Ключова дума | БКП |
| 653 ## - Ключова дума – ненормативна | |
| Ключова дума | периодични издания |
| 653 ## - Ключова дума – ненормативна | |
| Ключова дума | антифашистка борба |
| 653 ## - Ключова дума – ненормативна | |
| Ключова дума | нелегален печат |
| 653 ## - Ключова дума – ненормативна | |
| Ключова дума | българска история |
| 653 ## - Ключова дума – ненормативна | |
| Ключова дума | библиографски указатели |
| 659 ## - Тематичен бюлетин | |
| Тематичен бюлетин | К |
| 700 1# - Други автори (авторска отговорност) | |
| Лично име | Цанев, Петър |
| Автороска отговорност (Описва отношението между автора и произведението) | ред. |
| 9 (RLIN) | 376893 |
| 852 ## - Местоположение | |
| Форматна сигнатура | Цб 39398 |
| Фондова буква | Хранилище |
| 999 ## - СИСТЕМНИ КОНТРОЛНИ НОМЕРА | |
| Koha biblionumber | 458797 |
| Koha biblioitemnumber | 458797 |
| 942 ## - АРТИКУЛИ | |
| Вид на библиотечния материал | Книги |
| Скрит в OPAC | Не |
| Периодичен библиозапис | Да |
| 944 ## - СЪЗДАВАНЕ И РЕДАКЦИЯ на ЗАПИСА | |
| Създаване/Редакция | Създаване |
| Дата на регистрацията/редакция | 2022-06-01 |
| Статус, дата на статуса | 2022-06-01 |
| Служител, извършил регистрацията/редакцията | В. т. |
| Код за отписване | Код за изгубен артикул | Източник на класификационната схема | Код за повреда | Коз за рестрикции | Код за отдаване | Артикулен № | Име на библиотеката - собственик | Име на библиотеката, в която се намира в момента | Статус (Текущо местоположение) | Дата на вписване в системата | Местоположение - отдел | Цена в лева | Инвентарен номер | Систематично азбучна сигнатура | Баркод | Цена в евро | Служебен тип на артикула |
|---|---|---|---|---|---|---|---|---|---|---|---|---|---|---|---|---|---|
| Не е изгубен | Universal Decimal Classification | Не е повреден | само за читалня | ползва се в читалня | 887809 | Регионална библиотека "Любен Каравелов" Русе | Регионална библиотека "Любен Каравелов" Русе | Хранилище | 2022-06-02 | Хранилище | 2.12 | 16137/66 | Цб 39398 | 900000098442 | 1.08 | Книги |